Co umí kapesní kalkulátor

Gespeichert in:
Bibliographische Detailangaben
1. Verfasser: Csákány, Antal
Weitere Verfasser: Rukovanský, Imrich
Format: Buch
Sprache:Tschechisch
Veröffentlicht: Praha Státní nakladatelství technické literatury 1982
Tags: Tag hinzufügen
Keine Tags, Fügen Sie das erste Tag hinzu!

MARC

LEADER 00000nam a2200000 4500
001 c129130
005 20221207064712.9
041 0 |a cze 
044 |a CZ 
245 1 0 |a Co umí kapesní kalkulátor  |c Antal Csákány ; [Z maď. orig. přel. Imrich Rukovanský] 
264 1 |a Praha  |b Státní nakladatelství technické literatury  |c 1982 
300 |a 150 s. 
100 1 |a Csákány, Antal 
700 1 |a Rukovanský, Imrich